|
|
|
|
| LEADER |
02633nam a22003973i 4500 |
| 001 |
EBC6819941 |
| 003 |
MiAaPQ |
| 005 |
20231204023220.0 |
| 006 |
m o d | |
| 007 |
cr cnu|||||||| |
| 008 |
231204s2008 xx o ||||0 eng d |
| 020 |
|
|
|a 9780472900480
|q (electronic bk.)
|
| 020 |
|
|
|z 9780472070343
|
| 035 |
|
|
|a (MiAaPQ)EBC6819941
|
| 035 |
|
|
|a (Au-PeEL)EBL6819941
|
| 035 |
|
|
|a (OCoLC)1195815799
|
| 040 |
|
|
|a MiAaPQ
|b eng
|e rda
|e pn
|c MiAaPQ
|d MiAaPQ
|
| 050 |
|
4 |
|a PN167
|
| 100 |
1 |
|
|a Vicinus, Martha.
|
| 245 |
1 |
0 |
|a Originality, Imitation, and Plagiarism :
|b Teaching Writing in the Digital Age.
|
| 250 |
|
|
|a 1st ed.
|
| 264 |
|
1 |
|a Ann Arbor :
|b University of Michigan Press,
|c 2008.
|
| 264 |
|
4 |
|c Ã2008.
|
| 300 |
|
|
|a 1 online resource (261 pages)
|
| 336 |
|
|
|a text
|b txt
|2 rdacontent
|
| 337 |
|
|
|a computer
|b c
|2 rdamedia
|
| 338 |
|
|
|a online resource
|b cr
|2 rdacarrier
|
| 505 |
0 |
|
|a Intro -- Title Page -- Copyright -- Dedication -- Contents -- Introduction -- Originality -- Choosing Metaphors -- On Ethical Issues in Publishing in the Life Sciences -- Reviewing the Author-Function in the Age of Wikipedia -- Internet and Open-Access Publishing in Physics Research -- Do Thesis Statements Short-Circuit Originality in Students' Writing? -- Cloud Gate -- Imitation -- Genres as Forms of In(ter)vention -- When Copying Is Not Copying -- The Dynamic Nature of Common Knowledge -- Instinctual Ballast -- The Anthology as a Literary Creation -- Economies of Plagiarism -- "Fair Use," Copyright Law, and the Composition Teacher -- Plagiarism -- History and the Disciplining of Plagiarism -- Plagiarism and Copyright Infringement -- Plagiarism, a Turnitin Trial, and an Experience of Cultural Disorientation -- Academic Plagiarism and the Limits of Theft -- Insider Writing -- Plagiarism across Cultures -- Framing Plagiarism -- Selected Bibliography -- Contributors -- Index.
|
| 520 |
|
|
|a A timely intervention in national debates about what constitutes original or plagiarized writing.
|
| 588 |
|
|
|a Description based on publisher supplied metadata and other sources.
|
| 590 |
|
|
|a Electronic reproduction. Ann Arbor, Michigan : ProQuest Ebook Central, 2023. Available via World Wide Web. Access may be limited to ProQuest Ebook Central affiliated libraries.
|
| 655 |
|
4 |
|a Electronic books.
|
| 700 |
1 |
|
|a Eisner, Caroline.
|
| 776 |
0 |
8 |
|i Print version:
|a Vicinus, Martha
|t Originality, Imitation, and Plagiarism
|d Ann Arbor : University of Michigan Press,c2008
|z 9780472070343
|
| 797 |
2 |
|
|a ProQuest (Firm)
|
| 856 |
4 |
0 |
|u https://ebookcentral.proquest.com/lib/matrademy/detail.action?docID=6819941
|z Click to View
|